Chansons de BIG BANG - Mort subite - Statistiques

Statistiques générales
  • Ce quiz a été pris 13 fois
  • Le résultat moyen est 11 sur 23
Answers on the Grid
Answers color-coded by a green-red scale on the quiz's grid according to % correct below.
BAE BAE
LET'S NOT FALL IN LOVE
Body to Body
WE LIKE 2 PARTY
Still Life
Haru Haru
Collision
LAST DANCE
Crown
IF YOU
SOBER
CEREMONY
Somebody To Love
LOSER
2.0
The First Snow
Lies
BANG BANG BANG
Moonwalkin'
FXXK IT
LAST FAREWELL
Lucifer
Blue
REDRED
BAD BOY
Boy in Luv
GIRLFRIEND
Fantastic Baby
HERO
Still Alive
FLOWER ROAD
Sit Down!
Lollipop
Sunset Glow
TONIGHT
 
Statistiques - réponses
Réponse % Correct
BANG BANG BANG
83%
IF YOU
75%
FXXK IT
67%
SOBER
67%
BAD BOY
58%
BAE BAE
58%
Fantastic Baby
58%
LET'S NOT FALL IN LOVE
58%
LOSER
58%
TONIGHT
58%
WE LIKE 2 PARTY
58%
Blue
50%
LAST DANCE
50%
Lies
50%
GIRLFRIEND
42%
Haru Haru
42%
FLOWER ROAD
33%
LAST FAREWELL
33%
Lollipop
33%
Still Alive
25%
Still Life
25%
Sunset Glow
17%
Somebody To Love
8%
Aucun quiz correspondant
Distribution des résultats
% des personnes avec chaque résultat
Percentile par nombre de réponses
Votre historique - résultats
Vous n’avez pas pris ce quiz